| 000 | 00568nam a2200181Ia 4500 | ||
|---|---|---|---|
| 008 | 090123s9999 xx 000 0 und d | ||
| 082 |
_b20303 _a891.463/तिबि |
||
| 100 | _aतिबिले अनंत दत्तत्रय | ||
| 245 | _aधडक | ||
| 250 | _a0 | ||
| 260 | _bअरुंधती प्रकाशन | ||
| 300 | _a223 | ||
| 600 | _aतिबिले अनंत दत्तत्रय | ||
| 630 | _aधडक | ||
| 700 | _aतिबिले अनंत दत्तत्रय | ||
| 730 | _aधडक | ||
| 942 | _cBOOK | ||
| 999 |
_c58375 _d58375 |
||